<?xml version="1.0" encoding="UTF-8"?>
<record
    xmlns:xsi="http://www.w3.org/2001/XMLSchema-instance"
    xsi:schemaLocation="http://www.loc.gov/MARC21/slim http://www.loc.gov/standards/marcxml/schema/MARC21slim.xsd"
    xmlns="http://www.loc.gov/MARC21/slim">

  <leader>05497nam a2200433Ia 4500</leader>
  <controlfield tag="003">OSt</controlfield>
  <controlfield tag="005">20260705151851.0</controlfield>
  <controlfield tag="008">  2310s2022    ua a   frm      000 engnd d</controlfield>
  <datafield tag="040" ind1=" " ind2=" ">
    <subfield code="a">EG-EULC</subfield>
    <subfield code="b">eng</subfield>
    <subfield code="c">EG-EULC</subfield>
    <subfield code="d">EG-EULC</subfield>
    <subfield code="e">rda</subfield>
  </datafield>
  <datafield tag="041" ind1="0" ind2=" ">
    <subfield code="a">eng</subfield>
    <subfield code="b">eng</subfield>
    <subfield code="b">ara</subfield>
  </datafield>
  <datafield tag="049" ind1=" " ind2=" ">
    <subfield code="a">Deposit</subfield>
  </datafield>
  <datafield tag="082" ind1=" " ind2=" ">
    <subfield code="a">610</subfield>
  </datafield>
  <datafield tag="092" ind1=" " ind2=" ">
    <subfield code="a">610</subfield>
    <subfield code="2">21</subfield>
  </datafield>
  <datafield tag="097" ind1=" " ind2=" ">
    <subfield code="a">Ph.D</subfield>
  </datafield>
  <datafield tag="099" ind1=" " ind2=" ">
    <subfield code="a">Cai01.21.06.Ph.D.2022.Em.E</subfield>
  </datafield>
  <datafield tag="100" ind1=" " ind2=" ">
    <subfield code="a">Eman Shawky Abdaloneam Ismeal,</subfield>
    <subfield code="e">preparation.</subfield>
  </datafield>
  <datafield tag="245" ind1=" " ind2="4">
    <subfield code="a">The effect of sensory pool exercises on gait kinematics in spastic diplegic child</subfield>
    <subfield code="c">by Eman Shawky Abdaloneam Ismeal ; Supervised Prof.Dr.Kamal Elsayed Shoukry, Prof.Dr.Hassan Magdy Elbarbary, Prof.Dr.Nanees Essam Mohamed</subfield>
  </datafield>
  <datafield tag="246" ind1=" " ind2=" ">
    <subfield code="a">&#x62A;&#x623;&#x62B;&#x64A;&#x631; &#x627;&#x644;&#x62A;&#x62F;&#x631;&#x64A;&#x628;&#x627;&#x62A; &#x627;&#x644;&#x62D;&#x633;&#x64A;&#x629; &#x641;&#x64A; &#x62D;&#x648;&#x636; &#x627;&#x644;&#x639;&#x644;&#x627;&#x62C; &#x627;&#x644;&#x645;&#x627;&#x626;&#x64A; &#x639;&#x644;&#x649; &#x627;&#x644;&#x645;&#x62A;&#x63A;&#x64A;&#x631;&#x627;&#x62A; &#x627;&#x644;&#x643;&#x64A;&#x646;&#x64A;&#x645;&#x627;&#x62A;&#x64A;&#x643;&#x64A;&#x629; &#x641;&#x64A; &#x62D;&#x627;&#x644;&#x627;&#x62A; &#x627;&#x644;&#x634;&#x644;&#x644;&#x627;&#x644;&#x62F;&#x645;&#x627;&#x63A;&#x64A; &#x627;&#x644;&#x62A;&#x642;&#x644;&#x635;&#x64A;</subfield>
  </datafield>
  <datafield tag="264" ind1=" " ind2="0">
    <subfield code="c">2022.</subfield>
  </datafield>
  <datafield tag="300" ind1=" " ind2=" ">
    <subfield code="a">126 p. :</subfield>
    <subfield code="b">illustrations ;</subfield>
    <subfield code="c">25cm+</subfield>
    <subfield code="e">CD</subfield>
  </datafield>
  <datafield tag="336" ind1=" " ind2=" ">
    <subfield code="2">rda content</subfield>
    <subfield code="a">text</subfield>
  </datafield>
  <datafield tag="337" ind1=" " ind2=" ">
    <subfield code="2">rdamedia</subfield>
    <subfield code="a">Unmediated</subfield>
  </datafield>
  <datafield tag="338" ind1=" " ind2=" ">
    <subfield code="2">rdacarrier</subfield>
    <subfield code="a">volume</subfield>
  </datafield>
  <datafield tag="502" ind1=" " ind2=" ">
    <subfield code="a">Thesis (M.Sc.)-Cairo University- Faculty of Physical Therapy - Department of Physical Therapy for Pediatrics</subfield>
  </datafield>
  <datafield tag="504" ind1=" " ind2=" ">
    <subfield code="a">Bibliography: p. 101-112.</subfield>
  </datafield>
  <datafield tag="520" ind1=" " ind2="3">
    <subfield code="a">Background: The goal of most therapy procedures for children with spastic cerebral palsy is to increase their walking abilities. Locomotor training in a sensory pool has been recommended for the rehabilitation of children with cerebral palsy in an effort to improve walking independence and gait speed.
Purpose: To determine if gait training in a sensory pool has any influence on gait kinematics in children with spastic diplegic cerebral palsy.
Methodology: Thirty spastic diplegic children of both sexes (13 girls and 17 boys) varying ages from 4 to 7 years were involved in this study. They were split into 2 groups: study and control. The control group got a regular therapeutic exercise routine based on the Pragmatic method, while the study group got the same routine program as the control group as well as 30 minutes of underwater gait training in specially designed sensory pool. Two-dimensional (2D) gait analysis was used to evaluate kinematic gait features before and after three months of effective therapy.
Results: The results of this study revealed statistical significant differences in spatial and temporal gait parameters (step length, step width, swing time and cadence) of study and control groups in favor of the study group.
Conclusion: In addition to the designed techniques of treatment, underwater gait training in a sensory pool could be applied to help children with spastic diplegia improve their walking patterns.</subfield>
  </datafield>
  <datafield tag="520" ind1=" " ind2="3">
    <subfield code="a">&#x627;&#x644;&#x62E;&#x644;&#x641;&#x64A;&#x629;: &#x627;&#x644;&#x647;&#x62F;&#x641; &#x645;&#x646; &#x645;&#x639;&#x638;&#x645; &#x627;&#x644;&#x625;&#x62C;&#x631;&#x627;&#x621;&#x627;&#x62A; &#x627;&#x644;&#x639;&#x644;&#x627;&#x62C;&#x64A;&#x629; &#x644;&#x644;&#x623;&#x637;&#x641;&#x627;&#x644; &#x627;&#x644;&#x645;&#x635;&#x627;&#x628;&#x64A;&#x646; &#x628;&#x627;&#x644;&#x634;&#x644;&#x644; &#x627;&#x644;&#x62F;&#x645;&#x627;&#x63A;&#x64A; &#x627;&#x644;&#x62A;&#x634;&#x646;&#x62C;&#x64A; &#x647;&#x648; &#x632;&#x64A;&#x627;&#x62F;&#x629; &#x642;&#x62F;&#x631;&#x627;&#x62A;&#x647;&#x645; &#x639;&#x644;&#x649; &#x627;&#x644;&#x645;&#x634;&#x64A;. &#x64A;&#x648;&#x635;&#x649; &#x628;&#x627;&#x644;&#x62A;&#x62F;&#x631;&#x64A;&#x628; &#x627;&#x644;&#x62D;&#x631;&#x643;&#x64A; &#x641;&#x64A; &#x62D;&#x645;&#x627;&#x645; &#x627;&#x644;&#x633;&#x628;&#x627;&#x62D;&#x629; &#x627;&#x644;&#x62D;&#x633;&#x64A; &#x644;&#x625;&#x639;&#x627;&#x62F;&#x629; &#x62A;&#x623;&#x647;&#x64A;&#x644; &#x627;&#x644;&#x623;&#x637;&#x641;&#x627;&#x644; &#x627;&#x644;&#x645;&#x635;&#x627;&#x628;&#x64A;&#x646; &#x628;&#x627;&#x644;&#x634;&#x644;&#x644; &#x627;&#x644;&#x62F;&#x645;&#x627;&#x63A;&#x64A; &#x641;&#x64A; &#x645;&#x62D;&#x627;&#x648;&#x644;&#x629; &#x644;&#x62A;&#x62D;&#x633;&#x64A;&#x646; &#x627;&#x633;&#x62A;&#x642;&#x644;&#x627;&#x644;&#x64A;&#x629; &#x627;&#x644;&#x645;&#x634;&#x64A; &#x648;&#x633;&#x631;&#x639;&#x629; &#x627;&#x644;&#x645;&#x634;&#x64A;. &#x627;&#x644;&#x63A;&#x631;&#x636;: &#x62A;&#x62D;&#x62F;&#x64A;&#x62F; &#x645;&#x627; &#x625;&#x630;&#x627; &#x643;&#x627;&#x646; &#x644;&#x644;&#x62A;&#x62F;&#x631;&#x64A;&#x628; &#x639;&#x644;&#x649; &#x627;&#x644;&#x645;&#x634;&#x64A; &#x641;&#x64A; &#x628;&#x631;&#x643;&#x629; &#x62D;&#x633;&#x64A;&#x629; &#x623;&#x64A; &#x62A;&#x623;&#x62B;&#x64A;&#x631; &#x639;&#x644;&#x649; &#x62D;&#x631;&#x643;&#x64A;&#x629; &#x627;&#x644;&#x645;&#x634;&#x64A; &#x639;&#x646;&#x62F; &#x627;&#x644;&#x623;&#x637;&#x641;&#x627;&#x644; &#x627;&#x644;&#x645;&#x635;&#x627;&#x628;&#x64A;&#x646; &#x628;&#x627;&#x644;&#x634;&#x644;&#x644; &#x627;&#x644;&#x62F;&#x645;&#x627;&#x63A;&#x64A; &#x627;&#x644;&#x62A;&#x634;&#x646;&#x62C;&#x64A; &#x627;&#x644;&#x645;&#x632;&#x62F;&#x648;&#x62C;. &#x627;&#x644;&#x645;&#x646;&#x647;&#x62C;&#x64A;&#x629;: &#x634;&#x627;&#x631;&#x643; &#x641;&#x64A; &#x647;&#x630;&#x647; &#x627;&#x644;&#x62F;&#x631;&#x627;&#x633;&#x629; &#x62B;&#x644;&#x627;&#x62B;&#x648;&#x646; &#x637;&#x641;&#x644;&#x627;&#x64B; &#x645;&#x635;&#x627;&#x628;&#x64B;&#x627; &#x628;&#x634;&#x644;&#x644; &#x62A;&#x634;&#x646;&#x62C;&#x64A; &#x645;&#x632;&#x62F;&#x648;&#x62C; (13 &#x641;&#x62A;&#x627;&#x629; &#x648; 17 &#x630;&#x643;&#x631;&#x64B;&#x627;) &#x62A;&#x62A;&#x631;&#x627;&#x648;&#x62D; &#x623;&#x639;&#x645;&#x627;&#x631;&#x647;&#x645; &#x645;&#x646; 4 &#x625;&#x644;&#x649; 7 &#x633;&#x646;&#x648;&#x627;&#x62A;. &#x62A;&#x645; &#x62A;&#x642;&#x633;&#x64A;&#x645;&#x647;&#x645; &#x625;&#x644;&#x649; &#x645;&#x62C;&#x645;&#x648;&#x639;&#x62A;&#x64A;&#x646;: &#x62F;&#x631;&#x627;&#x633;&#x629; &#x648;&#x636;&#x627;&#x628;&#x637;&#x629;. &#x62D;&#x635;&#x644;&#x62A; &#x627;&#x644;&#x645;&#x62C;&#x645;&#x648;&#x639;&#x629; &#x627;&#x644;&#x636;&#x627;&#x628;&#x637;&#x629; &#x639;&#x644;&#x649; &#x62A;&#x645;&#x631;&#x64A;&#x646; &#x639;&#x644;&#x627;&#x62C;&#x64A; &#x631;&#x648;&#x62A;&#x64A;&#x646;&#x64A; &#x645;&#x646;&#x62A;&#x638;&#x645; &#x639;&#x644;&#x649; &#x623;&#x633;&#x627;&#x633; &#x627;&#x644;&#x637;&#x631;&#x64A;&#x642;&#x629; &#x627;&#x644;&#x628;&#x631;&#x627;&#x63A;&#x645;&#x627;&#x62A;&#x64A;&#x629; &#x60C; &#x628;&#x64A;&#x646;&#x645;&#x627; &#x62D;&#x635;&#x644;&#x62A; &#x645;&#x62C;&#x645;&#x648;&#x639;&#x629; &#x627;&#x644;&#x62F;&#x631;&#x627;&#x633;&#x629; &#x639;&#x644;&#x649; &#x646;&#x641;&#x633; &#x627;&#x644;&#x628;&#x631;&#x646;&#x627;&#x645;&#x62C; &#x627;&#x644;&#x631;&#x648;&#x62A;&#x64A;&#x646;&#x64A; &#x645;&#x62B;&#x644; &#x627;&#x644;&#x645;&#x62C;&#x645;&#x648;&#x639;&#x629; &#x627;&#x644;&#x636;&#x627;&#x628;&#x637;&#x629; &#x628;&#x627;&#x644;&#x625;&#x636;&#x627;&#x641;&#x629; &#x625;&#x644;&#x649; 30 &#x62F;&#x642;&#x64A;&#x642;&#x629; &#x645;&#x646; &#x627;&#x644;&#x62A;&#x62F;&#x631;&#x64A;&#x628; &#x639;&#x644;&#x649; &#x627;&#x644;&#x645;&#x634;&#x64A; &#x62A;&#x62D;&#x62A; &#x627;&#x644;&#x645;&#x627;&#x621; &#x641;&#x64A; &#x627;&#x644;&#x628;&#x631;&#x643;&#x629; &#x627;&#x644;&#x62D;&#x633;&#x64A;&#x629;. &#x62A;&#x645; &#x627;&#x633;&#x62A;&#x62E;&#x62F;&#x627;&#x645; &#x62A;&#x62D;&#x644;&#x64A;&#x644; &#x627;&#x644;&#x645;&#x634;&#x64A;&#x629; &#x62B;&#x646;&#x627;&#x626;&#x64A; &#x627;&#x644;&#x623;&#x628;&#x639;&#x627;&#x62F; (2D) &#x644;&#x644;&#x62A;&#x62D;&#x642;&#x64A;&#x642; &#x641;&#x64A; &#x645;&#x64A;&#x632;&#x627;&#x62A; &#x627;&#x644;&#x645;&#x634;&#x64A;&#x629; &#x627;&#x644;&#x62D;&#x631;&#x643;&#x64A;&#x629; &#x642;&#x628;&#x644; &#x648;&#x628;&#x639;&#x62F; &#x62B;&#x644;&#x627;&#x62B;&#x629; &#x623;&#x634;&#x647;&#x631; &#x645;&#x646; &#x627;&#x644;&#x639;&#x644;&#x627;&#x62C; &#x627;&#x644;&#x641;&#x639;&#x627;&#x644;. &#x627;&#x644;&#x646;&#x62A;&#x627;&#x626;&#x62C;: &#x639;&#x646;&#x62F; &#x645;&#x642;&#x627;&#x631;&#x646;&#x629; &#x627;&#x644;&#x641;&#x639;&#x627;&#x644;&#x64A;&#x629; &#x627;&#x644;&#x639;&#x644;&#x627;&#x62C;&#x64A;&#x629; &#x642;&#x628;&#x644; &#x648;&#x628;&#x639;&#x62F; &#x627;&#x644;&#x639;&#x644;&#x627;&#x62C; &#x644;&#x644;&#x645;&#x62C;&#x645;&#x648;&#x639;&#x62A;&#x64A;&#x646; &#x60C; &#x623;&#x638;&#x647;&#x631;&#x62A; &#x643;&#x644;&#x62A;&#x627; &#x627;&#x644;&#x645;&#x62C;&#x645;&#x648;&#x639;&#x62A;&#x64A;&#x646; &#x62A;&#x62D;&#x633;&#x646;&#x64B;&#x627; &#x645;&#x644;&#x62D;&#x648;&#x638;&#x64B;&#x627; &#x628;&#x639;&#x62F; &#x627;&#x644;&#x639;&#x644;&#x627;&#x62C; &#x644;&#x635;&#x627;&#x644;&#x62D; &#x645;&#x62C;&#x645;&#x648;&#x639;&#x629; &#x627;&#x644;&#x62F;&#x631;&#x627;&#x633;&#x629;. &#x627;&#x644;&#x627;&#x633;&#x62A;&#x646;&#x62A;&#x627;&#x62C;&#x627;&#x62A;: &#x628;&#x627;&#x644;&#x625;&#x636;&#x627;&#x641;&#x629; &#x625;&#x644;&#x649; &#x62A;&#x642;&#x646;&#x64A;&#x627;&#x62A; &#x627;&#x644;&#x639;&#x644;&#x627;&#x62C; &#x627;&#x644;&#x645;&#x635;&#x645;&#x645;&#x629; &#x60C; &#x64A;&#x645;&#x643;&#x646; &#x62A;&#x637;&#x628;&#x64A;&#x642; &#x627;&#x644;&#x62A;&#x62F;&#x631;&#x64A;&#x628; &#x639;&#x644;&#x649; &#x627;&#x644;&#x645;&#x634;&#x64A; &#x62A;&#x62D;&#x62A; &#x627;&#x644;&#x645;&#x627;&#x621; &#x641;&#x64A; &#x628;&#x631;&#x643;&#x629; &#x62D;&#x633;&#x64A;&#x629; &#x644;&#x645;&#x633;&#x627;&#x639;&#x62F;&#x629; &#x627;&#x644;&#x623;&#x637;&#x641;&#x627;&#x644; &#x627;&#x644;&#x630;&#x64A;&#x646; &#x64A;&#x639;&#x627;&#x646;&#x648;&#x646; &#x645;&#x646; &#x634;&#x644;&#x644; &#x646;&#x635;&#x641;&#x64A; &#x62A;&#x634;&#x646;&#x62C;&#x64A; &#x639;&#x644;&#x649; &#x62A;&#x62D;&#x633;&#x64A;&#x646; &#x623;&#x646;&#x645;&#x627;&#x637; &#x627;&#x644;&#x645;&#x634;&#x64A; &#x644;&#x62F;&#x64A;&#x647;&#x645;.</subfield>
  </datafield>
  <datafield tag="530" ind1=" " ind2=" ">
    <subfield code="a">Issues also as CD.</subfield>
  </datafield>
  <datafield tag="546" ind1=" " ind2=" ">
    <subfield code="a">Text in English and abstract in Arabic &amp; English.</subfield>
  </datafield>
  <datafield tag="650" ind1=" " ind2=" ">
    <subfield code="a">Physical Therapy for Pediatrics</subfield>
  </datafield>
  <datafield tag="653" ind1=" " ind2=" ">
    <subfield code="a">Spastic diplegia</subfield>
  </datafield>
  <datafield tag="700" ind1=" " ind2=" ">
    <subfield code="a">Kamal Elsayed Shoukry</subfield>
    <subfield code="e">thesis advisor.</subfield>
  </datafield>
  <datafield tag="700" ind1=" " ind2=" ">
    <subfield code="a">Hassan Magdy Elbarbary</subfield>
    <subfield code="e">thesis advisor.</subfield>
  </datafield>
  <datafield tag="700" ind1=" " ind2=" ">
    <subfield code="a">Nanees Essam Mohamed</subfield>
    <subfield code="e">thesis advisor.</subfield>
  </datafield>
  <datafield tag="900" ind1=" " ind2=" ">
    <subfield code="b">01-01-2022</subfield>
    <subfield code="c">Kamal Elsayed Shoukry</subfield>
    <subfield code="c">Hassan Magdy Elbarbary</subfield>
    <subfield code="c">Nanees Essam Mohamed</subfield>
    <subfield code="U">Cairo University</subfield>
    <subfield code="F">Faculty of Physical Therapy </subfield>
    <subfield code="D">Department of Physical Therapy for Pediatrics</subfield>
  </datafield>
  <datafield tag="905" ind1=" " ind2=" ">
    <subfield code="a">Shimaa</subfield>
  </datafield>
  <datafield tag="942" ind1=" " ind2=" ">
    <subfield code="c">TH</subfield>
    <subfield code="2">ddc</subfield>
  </datafield>
  <datafield tag="999" ind1=" " ind2=" ">
    <subfield code="c">163913</subfield>
  </datafield>
  <datafield tag="952" ind1=" " ind2=" ">
    <subfield code="2">ddc</subfield>
    <subfield code="9">295562</subfield>
    <subfield code="a">CUCL</subfield>
    <subfield code="b">cl210</subfield>
    <subfield code="d">2024-02-11</subfield>
    <subfield code="i">85993</subfield>
    <subfield code="o">Cai01.21.06.Ph.D.2022.Em.E</subfield>
    <subfield code="p">01010110085993000</subfield>
    <subfield code="r">2023-10-30 00:00:00</subfield>
    <subfield code="w">2023-10-30</subfield>
    <subfield code="y">TH</subfield>
  </datafield>
</record>
